365 sports cars you must drive / (Record no. 1332)

MARC details
000 -LEADER
fixed length control field 01084cam a22003014a 4500
005 - DATE AND TIME OF LATEST TRANSACTION
control field 20260322212056.0
008 - FIXED-LENGTH DATA ELEMENTS--GENERAL INFORMATION
fixed length control field data
010 ## - LIBRARY OF CONGRESS CONTROL NUMBER
LC control number 2011023803
020 ## - INTERNATIONAL STANDARD BOOK NUMBER
International Standard Book Number 9780760340455 (softcover w/ flaps)
020 ## - INTERNATIONAL STANDARD BOOK NUMBER
International Standard Book Number 0760340455 (softcover w/ flaps)
040 ## - CATALOGING SOURCE
Original cataloging agency DLC
Transcribing agency DLC
Modifying agency DLC
-- BKX
-- DLC
042 ## - AUTHENTICATION CODE
Authentication code pcc
050 00 - LIBRARY OF CONGRESS CALL NUMBER
Classification number TL236
Item number .L36 2011
082 00 - DEWEY DECIMAL CLASSIFICATION NUMBER
Classification number 388.3/421
Edition information 23
092 ## - LOCALLY ASSIGNED DEWEY CALL NUMBER (OCLC)
Classification number 388.3 Lam 2011
001 - CONTROL NUMBER
control field data
100 1# - MAIN ENTRY--PERSONAL NAME
Personal name Lamm, John.
245 10 - TITLE STATEMENT
Title 365 sports cars you must drive /
Statement of responsibility, etc. John Lamm, Larry Edsall & Steve Sutcliffe.
246 3# - VARYING FORM OF TITLE
Title proper/short title Three hundred sixty five sports cars you must drive
260 ## - PUBLICATION, DISTRIBUTION, ETC.
Place of publication, distribution, etc. Minneapolis :
Name of publisher, distributor, etc. Motorbooks,
Date of publication, distribution, etc. 2011.
300 ## - PHYSICAL DESCRIPTION
Extent 320 p. :
Other physical details col. ill. :
Dimensions 21 cm.
650 #0 - SUBJECT ADDED ENTRY--TOPICAL TERM
Topical term or geographic name entry element Sports cars.
700 1# - ADDED ENTRY--PERSONAL NAME
Personal name Edsall, Larry.
700 1# - ADDED ENTRY--PERSONAL NAME
Personal name Sutcliffe, Steve.
906 ## - LOCAL DATA ELEMENT F, LDF (RLIN)
a 7
b cbc
c orignew
d 1
e ecip
f 20
g y-gencatlg
925 0# -
-- acquire
-- 2 shelf copies
-- policy default
955 ## - COPY-LEVEL INFORMATION (RLIN)
-- rd14 2011-06-28
-- rc20 2012-01-10 Z-CipVer to BCCD
-- xn02 2012-04-20 copy 2 added
Holdings
Withdrawn status Lost status Damaged status Not for loan Home library Current library Shelving location Date acquired Total checkouts Full call number Barcode Date last seen Price effective from Koha item type
        Centerville Centerville General stacks 22/03/2026   388.3/421 23 BC0011375 22/03/2026 22/03/2026 Books